000 00483nam a2200181Ia 4500
001 9601
005 20260306161730.0
008 260306t1999||||xx |||||||||||||| ||spa||
041 _aESP
082 _a382.6
_bC78
100 _aCornejo Ramírez, Enrique
_eAUT
245 0 _aIntroducción a los negocios de exportación:
_bcriterios para la toma de decisiones
260 _c1999
300 _a304 páginas :
_c21 cm.
650 _aGEN
654 _aCAN
942 _cLIB
_dJUS
_fJUS
_2ddc
_n
999 _c9601
_d9601